00384nam a2200157Ia 45000010006000000050017000060080041000230410008000640820018000721000031000902450067001212600009001883000013001976500008002106540008002182102420260306172849.0260306t2012||||xx |||||||||||||| ||spa|| aESP a344bA74 T. 2 aArmanza Galdos, JulioeAUT 0aDigesto de derecho penal peruano:bcriminalistas del siglo XIX c2012 ac22 cm. aGEN aCDE